000 00700cam a22002292 4500
001 0000020200
005 20151217145923.0
008 110826s xx 000 0 eng d
020 _a0421798408
040 _aKABU
_cKABU
100 1 _aMartin, Jill E.
_@0000179676
245 1 0 _aHansbury & Martin modern equity.
250 _a17th ed. /
_bJill E. Martin.
260 _aLondon :
_bSweet & Maxwell,
_c2005.
300 _axcvii, 961 p.
650 0 _aEquity
_zGreat Britain.
_@0000158684
650 0 _aTrusts and trustees
_zGreat Britain.
_@0000158683
700 1 _aMartin, Jill E.
_@0000179676
852 1 _9p2800 KES
908 _a110826
950 _@1
999 _c4080
_d4080